Loading...
| History - European History | 1 | 4 | 0 | 0 | 55 | 45 | 67.40 | 0 | 4 |
| Fine Arts - Auditory Fine Arts | 3 | 1 | 0 | 0 | 55 | 50 | 65.75 | 1 | 3 |
| Geography | 0 | 2 | 0 | 0 | 20 | 110 | 110.00 | 0 | 0 |
| History - American History | 1 | 0 | 0 | 0 | 15 | 63 | 63.00 | 0 | 1 |
| Science - Chemistry | 1 | 0 | 1 | 0 | 10 | 41 | 41.00 | 0 | 1 |
| Fine Arts - Visual Fine Arts | 0 | 1 | 0 | 1 | 10 | 144 | 144.00 | 0 | 0 |
| Science - Biology | 0 | 1 | 0 | 0 | 10 | 87 | 87.00 | 0 | 0 |
| Current Events | 0 | 1 | 0 | 0 | 10 | 126 | 126.00 | 0 | 0 |
| Literature - European Literature | 0 | 1 | 0 | 1 | 10 | 134 | 134.00 | 0 | 0 |
| Literature - World Literature | 0 | 1 | 0 | 1 | 10 | 147 | 147.00 | 0 | 1 |
| Fine Arts - Other Fine Arts | 0 | 0 | 1 | 0 | -5 | 0.00 | 0 | 0 | |
| History - World History | 0 | 0 | 1 | 0 | -5 | 0.00 | 0 | 0 |